Normal view
MARC view
Entry Personal Name
001 - CONTROL NUMBER
- control field: 52831
003 - CONTROL NUMBER IDENTIFIER
- control field: dpl
005 - DATE AND TIME OF LATEST TRANSACTION
- control field: 20121004114507.0
008 - FIXED-LENGTH DATA ELEMENTS
- fixed length control field: 121004|||a|||||| | ||| d
040 ## - CATALOGING SOURCE
- Original cataloging agency: dpl
- Transcribing agency: dpl
100 ## - HEADING--PERSONAL NAME
- Personal name: مو لف: ا سما عيل احمد الطحا ں
670 ## - SOURCE DATA FOUND
- Source citation: Work cat.: (dpl): مو لف: ا سما عيل احمد الطحا ں, تا ر يخ تد و يں و جمع قر آ ں, 2011
670 ## - SOURCE DATA FOUND
- Source citation: Work cat.: (dpl): مو لف: ا سما عيل احمد الطحا ں, تا ر يخ تد و يں و جمع قر آ ں, 2011
